Capitales de l'Océanie - Statistiques

Statistiques générales
  • Ce quiz a été pris 9 692 fois
  • Le résultat moyen est 8 sur 16
Statistiques - réponses
Pays Capitale % Correct
Australie Canberra
96%
Nouvelle-Zélande Wellington
86%
Fidji Suva
70%
Papouasie-Nouvelle-Guinée Port Moresby
61%
Vanuatu Port-Vila
55%
Samoa Apia
52%
Nauru Yaren
51%
Micronésie Palikir
49%
Tuvalu Funafuti
47%
Salomon Honiara
42%
Tonga Nuku'alofa
42%
Kiribati Tarawa-Sud
31%
Palaos Melekeok
23%
Niue (librement associé à la Nouvelle-Zélande) Alofi
19%
Îles Cook (librement associé à la Nouvelle-Zélande) Avarua
19%
Îles Marshall Dalap-Uliga-Darrit
9%
Aucun quiz correspondant
Distribution des résultats
% des personnes avec chaque résultat
Percentile par nombre de réponses
Votre historique - résultats
Vous n’avez pas pris ce quiz